000 00295nam a22001337a 4500
008 170922b xxu||||| |||| 00| 0 eng d
020 _a9780967179438
041 _aeng
080 _a37
100 _a46
101 _aEDU
245 _aREAL MEN OR REAL TEACHERs?
_cSARGENT, P
942 _2udc
_cBK
999 _c29117
_d29117